Environmental protection (Record no. 329196)

000 -LEADER
fixed length control field 00468nam a22001457a 4500
003 - CONTROL NUMBER IDENTIFIER
control field ASAB
005 - DATE AND TIME OF LATEST TRANSACTION
control field 20170426134443.0
008 - FIXED-LENGTH DATA ELEMENTS--GENERAL INFORMATION
fixed length control field 170426b xxu||||| |||| 00| 0 eng d
020 ## - INTERNATIONAL STANDARD BOOK NUMBER
International Standard Book Number 9788131314562
040 ## - CATALOGING SOURCE
Transcribing agency ASAB
082 ## - DEWEY DECIMAL CLASSIFICATION NUMBER
Classification number 628.5
100 ## - MAIN ENTRY--PERSONAL NAME
Personal name M.G.Chitkara
245 ## - TITLE STATEMENT
Title Environmental protection
Statement of responsibility, etc. by Arvind Kumar
260 ## - PUBLICATION, DISTRIBUTION, ETC.
Place of publication, distribution, etc. New Delhi
Name of publisher, distributor, etc. Daya Publishing House
Date of publication, distribution, etc. 2007
300 ## - PHYSICAL DESCRIPTION
Extent 322 P
Other physical details 25 cm.
500 ## - GENERAL NOTE
General note Hardcover.
942 ## - ADDED ENTRY ELEMENTS (KOHA)
Koha item type Book
Source of classification or shelving scheme
Holdings
Withdrawn status Lost status Source of classification or shelving scheme Damaged status Not for loan Collection code Permanent Location Current Location Date acquired Total Checkouts Full call number Barcode Date last seen Price effective from Koha item type
            Atta-ur-Rahman School of Applied Biosciences (ASAB) Atta-ur-Rahman School of Applied Biosciences (ASAB) 04/26/2017   628 KUM ASAB1820 04/26/2017 04/26/2017 Book
© 2023 Central Library, National University of Sciences and Technology. All Rights Reserved.